01580cam a22003734i 4500003000900000005001700009008004100026020001500067035002700082040003300109082001900142100003100161245008200192264005400274300007600328336002100404337002500425338002300450504002800473505055600501526001001057526001001067526001001077526001001087526000801097526000801105526000801113526000801121526000801129526000801137526000801145650002801153650002501181PE-LiUPU20250731173144.0150623s r 000 0 d a1889638366 a(Sirsi) i9781889638362 aPE-LiUPUbspacPE-LiUPUerda04a254.5bW472211 aWerning, Waldo J.,eautor.14aThe seed-planting church :bnurturing churches to health /cWaldo J. Werning. 1aSt. Charles, IL :bChurch Smart Resources,c2003. a171 páginas :bilustraciones, tablas, diagrámas ;c23 centímetros atext2rdacontent aunmediated2rdamedia avolume2rdacarrier aIncluye bibliografía.0 aA satellite view of porductive agriculture. A satelite divine view of the traditional "harvesting" church. God expectis his church to plant seeds and nurture his fields. The dimensions and goals of a seed-planting, nurturing church. Abundant stewardship harvests come from abundant planting and nurturing. The seed-planting, nurturing church cares for the entire field. Healthy Churches use quality control systems. Leaders with faith that produces character and a heart like God. If yo want spiritual fruit, you have to get out of the cathedral-barn. aSEG42 aSEG41 aSEG40 aSEG39 aP94 aP87 aP86 aP85 aP77 aP76 aP3504aCrecimiento de iglesia.04aIglesiaxDesarrollo.